LEADER 01064nam0 2200301 450 001 000019358 005 20081117102402.0 010 $a019853406X 100 $a20081117d1978----km-y0itay50------ba 101 0 $aeng 102 $aGB 105 $ay-------001yy 200 1 $a<>numerical treatment of integral equations$fChristopher T. H. Baker 205 $aRepr. with corrections 210 $aOxford$cClarendon Press$d1978 215 $aXIV, 1034 p.$d25 cm 225 2 $aMonographs on numerical analysis 410 0$12001$aMonographs on numerical analysis 500 10$a<>numerical treatment of integral equations$934010 610 1 $aEquazioni integrali$aRisoluzione$aMetodi numerici 676 $a515.35$v19$9Equazioni differenziali 676 $a515.45$v19$9Analisi. Equazioni integrali 700 1$aBaker,$bChristopher T. H.$041339 801 0$aIT$bUNIPARTHENOPE$c20081117$gRICA$2UNIMARC 912 $a000019358 951 $aM 515.45/1$bM 526$cDSA$d2008 996 $aNumerical treatment of integral equations$934010 997 $aUNIPARTHENOPE